00620cam a2200181u 4500082002900000100005000029245005000079250001300129260003100142300001000173526003700183650001300220650002500233700005200258942001200310999001900322952009700341 a621.4021bPECcL-12, P-21 aPeck, William John. [from old catalog]94175610aApplied thermodynamics problems for engineers a[2d ed.] aLondon,bE. Arnoldc[1962] a395p. a0b0c0d621_402100000000000_PEC 0aMCE9379 0aThermodynamics971341 aRichmond, Alan James, [from old catalog]941735 2ddccBK c545800d545800 00102ddc4070aMCEbMCEd2014-05-29l0o621.4021 PECpMCE-3099r2014-05-29w2014-05-29yBK